Number Decoding Quiz - Statistics

General Stats
  • This quiz has been taken 108 times
  • The average score is 10 of 11
Answer Stats
Clue Number % Correct
This number takes two lines to draw, and is between the values of 6 and 9 7
100%
This number is made up of two circles. Sideways, it represents infinity. 8
100%
This number was the latest to be added to our number soup. It is the lowest integer that is not negative. 0
95%
This number can be made up of one line, two, or three. It normally looks like a vertical line with a short line sticking out of the top corner. It is also the lowest whole positive integer. 1
94%
This number is the lowest two digit value. 10
94%
This number often referred to as a dozen. 12
94%
This is the age at which Americans traditionally go to college. 18
94%
This number is often used when people exaggerate things to a high number, and has one more zero than one hundred thousand. 1,000,000
92%
This two-digit number is considered by many to be unlucky, and is skipped off of most hotel floors. It is between the value of ten and twenty. 13
90%
This number is a famous decimal used in area and circumference of circles. It is infinite, so either type name or first three digits. 3.14
89%
This number is very commonly used. Also, its square and sum of itself has the same value as each other. 2
88%
No matching quizzes found
Score Distribution
Percent of People with Each Score
Percentile by Number Answered
Your Score History
You have not taken this quiz